11. Ignorantes - Bad Bunny - Estadísticas

Estadísticas generales
  • Esta prueba ha sido intentada 27 veces
  • La puntuación promedio es 308 de 375
Estadísticas de respuestas
% Correcto
a
100%
amo
100%
de
100%
e
100%
me
100%
no
100%
que
100%
tu
100%
y
100%
yo
100%
amas
95%
chingamo
95%
cosas
95%
dejamo
95%
fui
95%
ignorante
95%
nos
95%
pa
95%
pero
95%
por
95%
puse
95%
quiza
95%
sabemos
95%
se
95%
si
95%
te
95%
baby
90%
cuando
90%
la
90%
menos
90%
mi
90%
muy
90%
o
90%
parte
90%
peleamo
90%
pusiste
90%
rico
90%
veces
90%
es
85%
hay
85%
normal
85%
asusta
80%
dormir
80%
ey
80%
gusta
80%
lo
80%
soledad
80%
solo
80%
en
75%
las
75%
los
75%
quiere
75%
eh
70%
el
70%
le
70%
quieres
70%
to
70%
Bad
65%
Bunny
65%
culpa
65%
dia
65%
distancia
65%
extrano
65%
fue
65%
ignorancia
65%
mas
65%
prendi
65%
prendia
65%
Sech
65%
tal
65%
vez
65%
volver
65%
como
60%
enrolaba
60%
mala
60%
nena
60%
panas
60%
perdia
60%
quedamo
60%
vuelve
60%
cama
55%
da
55%
despacio
55%
espacio
55%
espero
55%
este
55%
gana
55%
gigante
55%
hace
55%
inmadurez
55%
ir
55%
levante
55%
mami
55%
nadie
55%
nunca
55%
soy
55%
tienes
55%
ahora
50%
besito
50%
decisione
50%
entre
50%
espante
50%
felicidad
50%
pensar
50%
recordar
50%
supe
50%
tus
50%
yeh
50%
cambia
45%
digas
45%
fumar
45%
jevo
45%
otro
45%
una
45%
venia
45%
contigo
40%
debi
40%
despue
40%
gusto
40%
hoy
40%
necesitaba
40%
negro
40%
perrito
40%
acostarme
35%
cana
35%
champion
35%
siempre
35%
borracha
30%
ellos
30%
llamas
30%
molestate
30%
son
30%
estas
25%
panty
25%
pasas
25%
atraparon
20%
sueter
20%
caballo
15%
notas
15%
poner
15%
ice
5%
quite
0%
No se encontraron pruebas coincidentes
Distribución de puntuación
Porcentaje de gente con cada puntuación
Porcentaje por número respondido
Historial de tus puntuaciones
No has intentado esta prueba.